| 000 | 01229cam a2200277 i 4500 | ||
|---|---|---|---|
| 003 | SA-RiAUC | ||
| 005 | 20250118150249.0 | ||
| 008 | 250115s1990 le g 00000 ara c | ||
| 040 |
_aSA-JeALM _bara _cSA-RiAUC _erda |
||
| 082 | 0 | 4 |
_a252.2 _qSA-RiAUC |
| 090 |
_a252.2 _b ع ل ي |
||
| 100 | 1 |
_aعلي القاري، علي بن محمد الهروي، _cالملا، _dتوفي 1014 هجري _eمؤلف. |
|
| 245 | 1 | 0 |
_aشفاء السالك في إرسال مالك / _cتأليف علي بن سلطان محمد القاري ؛ قدم له وضبط وأخرج أحاديثه مشهور حسن سلمان. |
| 250 | _aالطبعة الأولى. | ||
| 264 | 1 |
_aبيروت : _bالمكتب الإسلامي، _c1990 |
|
| 300 |
_a40 صفحة ؛ _c14 × 20 سم |
||
| 336 |
_aنص _btxt _2rdacontent _3كتاب |
||
| 337 |
_aبدون وسيط _bn _2rdamedia |
||
| 338 |
_aمجلد _bnc _2rdacarrier |
||
| 490 | 0 |
_aسلسلة رسائل علي القاري ؛ _v6 |
|
| 650 | 7 |
_aالصلاة (إسلام) _2aucsh |
|
| 650 | 7 |
_aالصلاة (فقه إسلامي) _2aucsh |
|
| 700 | 1 |
_aآل سليمان، مشهور بن حسن، _d1380 هجري- _eمقدم. |
|
| 942 |
_2ddc _cBOOK _n0 |
||
| 949 |
_aSA-JeALM _d250115 _umohamedma123 _n1 |
||
| 999 |
_c4952 _d4952 |
||